| 000 | 00333nam a2200097Ia 4500 | ||
|---|---|---|---|
| 005 | 20251222114411.0 | ||
| 008 | 251222s1900||||xx |||||||||||||| ||spa|| | ||
| 082 | _aDVD0192/U61/2001/Ej.2 | ||
| 245 | 0 | _aSeminario de Literatura Comparada: Juan Gelman y la vanguardia poética al comienzo del tercer milenio en América Latina : | |
| 942 | _cDVD | ||
| 999 |
_c2044 _d2044 |
||